000 01673pam a2200265 a 4500
999 _c1144
_d1144
001 019315374
003 UkOxU
005 20211206110027.0
008 120207s2012 enk 000 1 eng d
015 _aGBB214658
_2bnb
020 _a9780230760806 (hbk.) :
020 _a0230760805 (hbk.) :
035 _a(Uk)016030276
040 _aStDuBDS
_beng
_cStDuBDS
_dUk
042 _aukblcatcopy
082 _aFIC TAL
100 1 _aTallis, Frank.
_eauthor
245 1 4 _aThe forbidden /
_cF.R. Tallis.
260 _aLondon :
_bMacmillan,
_c2012.
300 _a377 pages. ;
_c21 cm.
500 _aFormerly CIP.
_5Uk
520 _aWhen ambitious Doctor Paul Clément takes a job at the mission hospital on Saint Sébastien, he has dreams of discovering cures for tropical diseases. What he finds is a place where the black arts are just a way of life. After witnessing the ritualistic murder of a young man, said to be one of the living dead, he is forbidden to speak of what he has seen. On returning to Paris, Clément’s attention turns to studying the nervous system and resuscitation. He is told of patients who have apparently died, been brought back to life, and whilst suspended between life and death, experience what they believe to be heaven. Clément attempts a daring experiment in order to confirm these extraordinary reports, but the outcome is wholly unexpected. Could it be that when he is resuscitated, he brings something back with him – an ancient evil, so powerful that it can never be destroyed? Is the good doctor slowly succumbing to madness, or has he really passed through the gates of hell?
655 0 _aThrillers (Fiction)
942 _2ddc
_cFIC